000
00335nam a2200133Ia 4500
008
240624s9999 xx 000 0 und d
041
_a
eng
082
_a
339.47 KEL
100
_a
KELLER MARGIT
245
_a
ROUTLEDGE HANDBOOK ON CONSUMPTION
260
_c
2017
_a
London
_b
Routledge
300
_a
xx, 487 p.; 23 cm.
365
_c
BPS
_b
38
999
_c
30733
_d
30733